000 00454nam a2200169Ia 4500
003 GCL
008 140319s9999 xx 000 0 ara d
040 _aGCL /
_cGCL
082 0 4 _a150
_bم م
100 1 _aمصطفى عشوى
245 1 0 _aمدخل الى علم النفس المعاصر /
_cمصطفى عشوى
300 _a340
490 _aكتاب
_v0
650 0 4 _aعلم النفس
650 0 4 _aالتحليل النفسى
942 _2ddc
_cBK
999 _c41209
_d41209